00600cam a22002171 4500001001300000003000400013005001700017008004100034010001700075035001900092040001800111042001200129050002000141082001000161100002800171245007200199260004600271300001800317600003000335999001700365ca 34000116 DLC20260227111130.0800716s1934 mau 000 0 eng  aca 34000116  a(OCoLC)6519982 aDLCcOCldDLC apremarc00aPN6120.R4bW643 a812.51 aWilson, Dorothy Clarke.10aSimon the leper;ba drama of the Christ,cby Dorothy Clarke Wilson. aBoston,bWalter H. Baker companyc[c1934] a40 p.c19 cm.00aSimon,cthe lepervDrama. c17230d17230